[Event "2nd SCS Open"]
[Site "Bhubaneswar IND"]
[Date "2010.05.24"]
[Round "4"]
[White "Lafuente,P"]
[Black "Harutjunyan,G"]
[Result "0-1"]
[WhiteElo "2587"]
[BlackElo "2460"]
[EventDate "2010.05.22"]

1. d4 Nf6 2. c4 g6 3. Nf3 Bg7 4. g3 d6 5. Bg2 O-O 6. O-O c6 7. Nc3 Qb6 8.
h3 Qa6 9. b3 b5 10. Nd2 Bb7 11. Bb2 Nbd7 12. e3 Rab8 13. Qc2 Rfc8 14. Rab1
bxc4 15. bxc4 Nb6 16. Rfc1 c5 17. d5 e6 18. Nb5 Nbd7 19. e4 exd5 20. exd5
Qb6 21. a4 Bh6 22. Qc3 Re8 23. a5 Qd8 24. Nxd6 Re5 25. Re1 Rxe1+ 26. Rxe1
Bg7 27. Ba1 Ba6 28. N6e4 Qf8 29. Nxf6+ Bxf6 30. Qa3 Rb4 31. Bxf6 Nxf6 32.
Qc3 Qd8 33. Bf1 Qd6 34. Nb3 Kg7 35. Re3 Rb8 36. Rf3 Rc8 37. Bd3 Qe7 38. Nd2
0-1

[Event "2nd SCS Open"]
[Site "Bhubaneswar IND"]
[Date "2010.05.24"]
[Round "4"]
[White "Fier,A"]
[Black "Farago,I"]
[Result "1-0"]
[WhiteElo "2581"]
[BlackElo "2453"]
[EventDate "2010.05.22"]

1. d4 e6 2. c4 Nf6 3. Nf3 b6 4. g3 Ba6 5. Qc2 Bb4+ 6. Bd2 Be7 7. e4 d5 8.
cxd5 Bxf1 9. Kxf1 exd5 10. e5 Ne4 11. Nc3 Nxc3 12. bxc3 Qd7 13. Kg2 Nc6 14.
h4 Nd8 15. h5 O-O 16. Bg5 Ne6 17. Bxe7 Qxe7 18. Nh4 Qg5 19. Qf5 Qxf5 20.
Nxf5 Rae8 21. Rhe1 f6 22. exf6 Rxf6 23. Ne3 c6 24. Ng4 Rff8 25. Re5 Nc7 26.
h6 Rxe5 27. dxe5 Nb5 28. hxg7 Kxg7 29. Rc1 d4 30. cxd4 Nxd4 31. f4 c5 32.
Nf6 Rd8 33. Ne4 h5 34. Nf6 Kg6 35. Rh1 c4 36. Rxh5 c3 37. g4 Ne6 38. f5+
Kf7 39. Rh7+ Ng7 40. g5 Rd2+ 41. Kf3 c2 42. g6+ Kf8 43. Rh8+ Ke7 44. Rc8
Nxf5 45. Re8+ 1-0

[Event "2nd SCS Open"]
[Site "Bhubaneswar IND"]
[Date "2010.05.24"]
[Round "4"]
[White "Praveen Kumar,C1"]
[Black "Hera,I"]
[Result "0-1"]
[WhiteElo "2391"]
[BlackElo "2558"]
[EventDate "2010.05.22"]

1. d4 Nf6 2. c4 e6 3. Nc3 Bb4 4. e3 c5 5. Nge2 b6 6. a3 Ba5 7. Rb1 Na6 8.
Bd2 O-O 9. Ng3 Bb7 10. f3 cxd4 11. exd4 Bxc3 12. Bxc3 d5 13. b3 h5 14. h4
Qc7 15. Kf2 Qf4 16. Qe1 Ne4+ 17. Nxe4 dxe4 18. Qe3 Qf5 19. Be2 f6 20. Rbg1
b5 21. g4 hxg4 22. f4 bxc4 23. bxc4 e5 24. Rxg4 exd4 25. Bxd4 Nc7 26. Rg3
Ne6 27. Bg4 Nxd4 28. Bxf5 Nxf5 29. Rxg7+ Kxg7 30. Rg1+ Kh6 31. Qh3 e3+ 32.
Ke2 Be4 33. Qg4 Rg8 34. Qxg8 Rxg8 35. Rxg8 Kh5 36. Rf8 Kg4 37. Rxf6 Bf3+
38. Kd3 e2 39. Re6 Nxh4 40. Kd2 Kg3 41. c5 Kf2 42. c6 Bg4 43. Re8 Nf3+ 44.
Kc3 e1=Q+ 45. Rxe1 Nxe1 46. Kc4 Nc2 47. a4 Ke3 48. Kc5 Kxf4 0-1

[Event "2nd SCS Open"]
[Site "Bhubaneswar IND"]
[Date "2010.05.24"]
[Round "4"]
[White "Kravtsiv,M"]
[Black "Debashis,D"]
[Result "1-0"]
[WhiteElo "2546"]
[BlackElo "2400"]
[EventDate "2010.05.22"]

1. e4 e5 2. Nf3 Nc6 3. Bc4 Bc5 4. O-O Nf6 5. d3 h6 6. c3 d6 7. b4 Bb6 8.
Nbd2 O-O 9. Bb3 Ne7 10. Nc4 Ng6 11. Re1 Bg4 12. h3 Bh5 13. g3 Qd7 14. Kg2
Bxf2 15. Kxf2 Qxh3 16. Ne3 Kh8 17. Rh1 Ng4+ 18. Nxg4 Qxg4 19. Nh4 Qxd1 20.
Bxd1 Bxd1 21. Rxd1 Nxh4 22. gxh4 f5 23. Ke2 f4 24. Kf3 g5 25. hxg5 hxg5 26.
Rg1 Rg8 27. Bd2 Kh7 28. Rh1+ Kg6 29. Rh3 Rh8 30. Rah1 Rxh3+ 31. Rxh3 a5 32.
b5 c6 33. c4 cxb5 34. cxb5 Rc8 35. Bxa5 Ra8 36. Bb4 Rxa2 37. Bxd6 Rd2 38.
Bxe5 Rxd3+ 39. Kg4 Rd1 40. Rh8 Rg1+ 41. Kf3 Rb1 42. Rg8+ Kh5 43. Bf6 Rb3+
44. Kf2 Rxb5 45. e5 Rb2+ 46. Kf3 1-0

[Event "2nd SCS Open"]
[Site "Bhubaneswar IND"]
[Date "2010.05.24"]
[Round "4"]
[White "Khusnutdinov,R"]
[Black "Ibrayev,N"]
[Result "1/2-1/2"]
[WhiteElo "2525"]
[BlackElo "2390"]
[EventDate "2010.05.22"]

1. d4 c5 2. d5 d6 3. c4 e5 4. Nc3 g6 5. e4 Bh6 6. Bxh6 Nxh6 7. Qd2 Ng8 8.
Bd3 Nd7 9. Nb5 Ke7 10. Ne2 a6 11. Nbc3 Kf8 12. O-O Kg7 13. Bc2 Ngf6 14. Nc1
b5 15. b3 Rb8 16. f3 h5 17. Nd3 h4 18. Nd1 Nh5 19. Ne3 Nf4 20. Nxf4 exf4
21. Ng4 Qg5 22. g3 hxg3 23. hxg3 bxc4 24. gxf4 Qh4 25. Kg2 Qh3+ 26. Kf2
Qh4+ 27. Kg2 Qh3+ 28. Kf2 Qh4+ 1/2-1/2

[Event "2nd SCS Open"]
[Site "Bhubaneswar IND"]
[Date "2010.05.24"]
[Round "4"]
[White "Vaibhav,S"]
[Black "Sundararajan,K"]
[Result "1-0"]
[WhiteElo "2347"]
[BlackElo "2520"]
[EventDate "2010.05.22"]

1. e4 c6 2. d4 d5 3. Nc3 dxe4 4. Nxe4 Nd7 5. Nf3 Ngf6 6. Ned2 e6 7. g3 c5
8. Bg2 Be7 9. O-O O-O 10. Qe2 cxd4 11. Nxd4 Re8 12. Rd1 Bf8 13. Nc4 Nd5 14.
Nb5 N7f6 15. Bd2 Re7 16. Ba5 b6 17. Bb4 Ba6 18. Bxe7 Qxe7 19. a4 Rc8 20. c3
g6 21. Ne3 Nxe3 22. Qxe3 h5 23. Nd4 Ng4 24. Qe4 e5 25. Nc2 Rc4 26. Qe1 h4
27. Ne3 hxg3 28. hxg3 Qg5 29. Nxg4 Rxg4 30. Rd5 Bg7 31. a5 Bb7 32. Rd7 Bxg2
33. Kxg2 e4 34. axb6 Qf5 35. bxa7 Qf3+ 36. Kg1 Rh4 37. a8=Q+ Kh7 38. gxh4
Qg4+ 39. Kf1 Qh3+ 40. Ke2 Qg4+ 41. Kd2 Qxd7+ 42. Kc2 Qd3+ 43. Kb3 Qb5+ 44.
Ka2 Qc4+ 45. b3 1-0

[Event "2nd SCS Open"]
[Site "Bhubaneswar IND"]
[Date "2010.05.24"]
[Round "4"]
[White "Suvrajit,S"]
[Black "Iuldachev,S"]
[Result "1-0"]
[WhiteElo "2380"]
[BlackElo "2511"]
[EventDate "2010.05.22"]

1. d4 d5 2. c4 e5 3. dxe5 d4 4. Nf3 Nc6 5. a3 Bg4 6. Nbd2 Qe7 7. h3 Bh5 8.
g4 Bg6 9. Bg2 O-O-O 10. Qb3 h5 11. g5 h4 12. O-O f6 13. exf6 gxf6 14. e3
dxe3 15. Qxe3 Qxe3 16. fxe3 Be7 17. b4 Rh5 18. Bb2 a5 19. gxf6 Bxf6 20.
Bxf6 Nxf6 21. Nd4 Nxd4 22. exd4 Bf5 23. Rf4 Rg8 24. Kf2 Rhg5 25. Bf3 Rf8
26. bxa5 Bxh3 27. Rh1 Bd7 28. Rhxh4 c6 29. c5 Be6 30. a6 bxa6 31. Bxc6 Rgg8
32. Bf3 Kc7 33. Ke2 Rg7 34. d5 Bxd5 35. Bxd5 Re8+ 36. Be4 Nd5 37. Rfg4 Rd7
38. Rg3 Kc6 39. Rd3 Kb5 40. Kd1 Red8 41. c6 Kxc6 42. Rh5 Kc5 43. Kc2 Kc6
44. Nb1 1-0

[Event "2nd SCS Open"]
[Site "Bhubaneswar IND"]
[Date "2010.05.24"]
[Round "4"]
[White "Adhiban,B"]
[Black "Tirto"]
[Result "0-1"]
[WhiteElo "2510"]
[BlackElo "2358"]
[EventDate "2010.05.22"]

1. e4 e5 2. Nf3 Nf6 3. Nxe5 d6 4. Nf3 Nxe4 5. Nc3 Nxc3 6. dxc3 Be7 7. Be3
O-O 8. Qd2 Nd7 9. O-O-O c6 10. h4 Nf6 11. Kb1 Bg4 12. Be2 d5 13. Nd4 Ne4
14. Qe1 Bxe2 15. Qxe2 Bf6 16. g4 Re8 17. g5 Be5 18. Qd3 Qc7 19. f3 Nc5 20.
Qd2 Na4 21. f4 Bd6 22. Nf5 Bf8 23. h5 Re6 24. Bd4 Re4 25. Qg2 c5 26. Nh6+
Kh8 27. g6 Re7 28. Be5 Qb6 29. Nxf7+ Rxf7 30. b3 Re7 31. h6 Rxe5 32. hxg7+
Bxg7 33. Rxh7+ Kg8 34. fxe5 Nxc3+ 35. Kc1 Qe6 36. Re1 Rf8 37. Re3 Ne4 38.
Rxe4 dxe4 39. Qxe4 Rf1+ 40. Kd2 Qd7+ 41. Kc3 Rf3+ 42. Kc4 Qe6+ 43. Kb5 Qa6+
44. Kxc5 Bf8+ 45. Kd4 Qb6+ 46. Kd5 Qc6+ 47. Kd4 Qc5+ 0-1

[Event "2nd SCS Open"]
[Site "Bhubaneswar IND"]
[Date "2010.05.24"]
[Round "4"]
[White "Lalith,B"]
[Black "Hasan,Me"]
[Result "1-0"]
[WhiteElo "2493"]
[BlackElo "2287"]
[EventDate "2010.05.22"]

1. Nf3 d5 2. d4 Nf6 3. c4 dxc4 4. e3 e6 5. Bxc4 a6 6. a4 b6 7. Nc3 Bb7 8.
O-O c5 9. Qe2 Qc7 10. Rd1 Nbd7 11. d5 exd5 12. Nxd5 Nxd5 13. Bxd5 Bxd5 14.
Rxd5 Be7 15. e4 O-O 16. Bg5 Rfe8 17. Rad1 Nf8 18. Be3 Qb7 19. Ne5 Bf6 20.
Nc4 Qc6 21. a5 Rxe4 22. Nxb6 Bd4 23. Qc4 Qe8 24. Bxd4 Rd8 25. Be3 Rxc4 26.
Rxd8 Qb5 27. Nxc4 Qxc4 28. Rc1 Qh4 29. Rb8 h6 30. Bxc5 Kh7 31. Rxf8 f6 32.
b4 Qf4 33. Rd1 h5 34. h3 h4 35. Rf7 Kg6 36. Ra7 Qc4 37. Bf8 Kf5 38. Rxg7
1-0

[Event "2nd SCS Open"]
[Site "Bhubaneswar IND"]
[Date "2010.05.24"]
[Round "4"]
[White "Singh,SV"]
[Black "Czebe,A"]
[Result "0-1"]
[WhiteElo "2218"]
[BlackElo "2480"]
[EventDate "2010.05.22"]

1. d4 d6 2. Nf3 Nf6 3. c4 g6 4. Nc3 Bf5 5. Nh4 Bd7 6. Nf3 Bg7 7. e4 O-O 8.
Be2 e5 9. O-O exd4 10. Nxd4 Re8 11. f3 Nc6 12. Be3 Nh5 13. f4 Nf6 14. Bf3
Nxd4 15. Bxd4 Bc6 16. Re1 Nd7 17. Nd5 Bxd5 18. cxd5 Bxd4+ 19. Qxd4 Qf6 20.
Qd2 Nc5 21. e5 dxe5 22. Qc3 Qb6 23. Kh1 exf4 24. h4 h5 25. Rac1 Nd7 26.
Rxe8+ Rxe8 27. Re1 Rxe1+ 28. Qxe1 Qxb2 29. Qe7 Ne5 30. Qd8+ Kg7 0-1

[Event "2nd SCS Open"]
[Site "Bhubaneswar IND"]
[Date "2010.05.24"]
[Round "4"]
[White "Chatterjee,D"]
[Black "Luther,T"]
[Result "1/2-1/2"]
[WhiteElo "2266"]
[BlackElo "2541"]
[EventDate "2010.05.22"]

1. d4 d5 2. c4 e6 3. Nf3 Nf6 4. g3 dxc4 5. Bg2 a6 6. O-O Nc6 7. Nc3 Rb8 8.
e4 Be7 9. d5 exd5 10. exd5 Nb4 11. Ne5 Bf5 12. a3 Nd3 13. Nxc4 Nxc1 14.
Rxc1 O-O 15. b4 Re8 16. Re1 Bf8 17. Qd2 Bd6 18. Rxe8+ Qxe8 19. Nxd6 cxd6
20. Qf4 Qd7 21. Nd1 h6 22. Ne3 Bg6 23. Qc4 Ne8 24. Bf3 Ra8 25. Kg2 Qe7 26.
a4 Rd8 27. a5 Kf8 28. Re1 Nf6 29. Rc1 Kg8 30. Qf4 Re8 31. Nf5 Bxf5 32. Qxf5
g6 33. Qf4 h5 34. Rc4 Kg7 35. Qc1 Qe5 36. Qc3 Qxc3 37. Rxc3 g5 38. Kf1 g4
39. Bh1 Re7 40. Rc8 Ne8 41. f3 Nc7 42. fxg4 hxg4 43. Kf2 f5 44. Bg2 Kf6 45.
Rb8 Nb5 46. h3 Nc3 47. hxg4 fxg4 48. Rf8+ Kg5 49. Rd8 Nd1+ 50. Kg1 Re1+ 51.
Bf1 Ne3 52. Kf2 Rxf1+ 53. Kxe3 Rf3+ 54. Ke4 Rxg3 55. Rxd6 Rg1 56. Rb6 Re1+
57. Kd4 g3 58. Rxb7 Kf6 59. Rb6+ Kf5 60. Rb8 Rd1+ 61. Kc5 g2 62. Rg8 g1=Q+
63. Rxg1 Rxg1 64. b5 Rc1+ 65. Kb6 axb5 66. Kxb5 Ke5 67. a6 Kd6 68. a7 Ra1
69. Kb6 Kd7 70. Kb7 Rb1+ 71. Ka6 Kc7 72. d6+ Kxd6 73. a8=Q Ra1+ 74. Kb7
Rxa8 75. Kxa8 1/2-1/2

[Event "2nd SCS Open"]
[Site "Bhubaneswar IND"]
[Date "2010.05.24"]
[Round "5"]
[White "Dzhumaev,M"]
[Black "Turov,M"]
[Result "0-1"]
[WhiteElo "2495"]
[BlackElo "2624"]
[EventDate "2010.05.22"]

1. e4 c6 2. d4 d5 3. e5 Bf5 4. Nc3 e6 5. g4 Bg6 6. Nge2 c5 7. h4 h5 8. Nf4
Bh7 9. Nxh5 Nc6 10. dxc5 Bxc5 11. Bg2 Qa5 12. a3 Bd4 13. Nxg7+ Kf8 14. Nh5
Bxc3+ 15. bxc3 Qxc3+ 16. Bd2 Qxe5+ 17. Kf1 Bxc2 18. Qe1 Qd4 19. Bc3 Qc4+
20. Kg1 Rh7 21. Bf3 Nd4 22. Bxd4 Qxd4 23. Rc1 Bg6 24. Rd1 Qa4 25. Ng3 Nf6
26. g5 Nh5 27. Bxh5 Bxh5 28. Rc1 Bf3 29. g6 fxg6 30. Qxe6 Qf4 31. Re1 Bxh1
32. Qxg6 Rh6 33. Qxh6+ 0-1

[Event "2nd SCS Open"]
[Site "Bhubaneswar IND"]
[Date "2010.05.24"]
[Round "5"]
[White "Deepan,C"]
[Black "Kokarev,Dm"]
[Result "1/2-1/2"]
[WhiteElo "2488"]
[BlackElo "2612"]
[EventDate "2010.05.22"]

1. e4 c5 2. Nf3 d6 3. d4 cxd4 4. Nxd4 Nf6 5. Nc3 a6 6. h3 e5 7. Nde2 b5 8.
g4 Bb7 9. Bg2 Be7 10. Be3 O-O 11. O-O Nbd7 12. Ng3 Nc5 13. a4 b4 14. Nd5
Bxd5 15. exd5 Nfd7 16. Nf5 Re8 17. f4 Bf8 18. fxe5 Nxe5 19. Bxc5 dxc5 20.
d6 g6 21. d7 Qxd7 22. Qxd7 Nxd7 23. Bxa8 Rxa8 24. Ng3 Bg7 25. Rad1 Nb6 26.
b3 Bd4+ 27. Kh1 Nd5 28. Rd2 Nc3 29. Re1 Kf8 30. Kg2 Nd5 31. Kf3 Bc3 32.
Rxd5 Bxe1 33. Ne4 h6 34. Rxc5 Bh4 35. Rc7 Bd8 36. Rc4 Be7 37. Nf2 a5 38.
Nd3 Ra6 39. Ne5 Rf6+ 40. Kg2 Rd6 41. Nc6 Rd5 42. Rd4 Rxd4 43. Nxd4 Ke8 44.
Kf3 Kd7 45. Ke4 Bf6 46. Ne2 Kd6 47. Nf4 Bd8 48. Nd3 Bb6 49. Nf4 Bd8 50. Nd3
Bg5 51. Ne5 f5+ 52. gxf5 gxf5+ 53. Kxf5 Kd5 54. Nf3 Be3 55. h4 h5 56. Kg6
Ke4 57. Ng5+ Kd4 58. Kxh5 Kc3 59. Kg6 Kxc2 60. h5 Kxb3 61. h6 Bd4 62. Ne6
Bh8 63. Kh7 Ka3 64. Kxh8 b3 65. h7 b2 66. Kg8 b1=Q 67. h8=Q Qb8+ 68. Kh7
1/2-1/2

[Event "2nd SCS Open"]
[Site "Bhubaneswar IND"]
[Date "2010.05.24"]
[Round "5"]
[White "Czebe,A"]
[Black "Lafuente,P"]
[Result "1-0"]
[WhiteElo "2480"]
[BlackElo "2587"]
[EventDate "2010.05.22"]

1. e4 c6 2. Nc3 d5 3. Nf3 Bg4 4. h3 Bxf3 5. Qxf3 e6 6. Be2 g6 7. d4 Bg7 8.
Be3 Nd7 9. exd5 exd5 10. g4 Nf8 11. O-O-O Ne6 12. h4 Ne7 13. h5 Rg8 14. Kb1
Qd6 15. Na4 O-O-O 16. c3 Rdf8 17. Qg3 Qxg3 18. fxg3 Bf6 19. Rde1 Bg5 20.
Bd3 Bxe3 21. Rxe3 b6 22. Rf1 Kd7 23. Rf6 Nc8 24. c4 Ne7 25. c5 b5 26. Nc3
Re8 27. Rf1 Rg7 28. Rf2 h6 29. Rh2 1-0

[Event "2nd SCS Open"]
[Site "Bhubaneswar IND"]
[Date "2010.05.24"]
[Round "5"]
[White "Neelotpal,D"]
[Black "Fier,A"]
[Result "0-1"]
[WhiteElo "2453"]
[BlackElo "2581"]
[EventDate "2010.05.22"]

1. d4 Nf6 2. c4 e6 3. g3 c5 4. Nf3 cxd4 5. Nxd4 Qc7 6. Nc3 a6 7. Qa4 Nc6 8.
Nxc6 bxc6 9. Bg2 Rb8 10. Qc2 h5 11. Bf4 e5 12. Bg5 Nh7 13. Be3 d6 14. Qa4
Bd7 15. Qxa6 Be7 16. Rb1 O-O 17. O-O Bg5 18. c5 d5 19. f4 Bh6 20. Bd2 Rfe8
21. e4 d4 22. Ne2 Ra8 23. Qd3 Bc8 24. a3 h4 25. gxh4 Qe7 26. Qf3 Be6 27.
Rbc1 Reb8 28. Bb4 Qxh4 29. Qg3 Qe7 30. Rc2 Rd8 31. Qd3 Bc8 32. Ng3 Bxf4 33.
Nf5 Qf6 34. Qd1 Ba6 35. Re1 g6 36. Ng3 Qh4 37. Nf1 Ng5 38. Rf2 Be3 39. Nxe3
dxe3 0-1

[Event "2nd SCS Open"]
[Site "Bhubaneswar IND"]
[Date "2010.05.24"]
[Round "5"]
[White "Hera,I"]
[Black "Suvrajit,S"]
[Result "1/2-1/2"]
[WhiteElo "2558"]
[BlackElo "2380"]
[EventDate "2010.05.22"]

1. d4 d5 2. c4 e6 3. Nc3 Nf6 4. cxd5 exd5 5. Bg5 Be7 6. e3 O-O 7. Bd3 c6 8.
Qc2 Nbd7 9. Nf3 Re8 10. h3 Nf8 11. O-O g6 12. Bh6 Ne6 13. Ne5 Ng7 14. g4
Nd7 15. f4 Nxe5 16. dxe5 Bc5 17. Rf3 Ne6 18. f5 Ng5 19. Bxg5 Qxg5 20. e6
fxe6 21. fxg6 h5 22. Kh1 hxg4 23. Rg1 e5 24. Nxd5 cxd5 25. Qxc5 Qe7 26.
Qxe7 Rxe7 27. hxg4 e4 28. Rf7 Rxf7 29. gxf7+ Kxf7 30. Bc2 Be6 31. Bb3 Rh8+
32. Kg2 Rh4 33. Kf2 Kf6 34. g5+ Kg6 35. Rc1 Rh7 36. Rc5 Kxg5 37. Bxd5 Rf7+
38. Ke2 Bg4+ 39. Ke1 Rf5 40. b4 b6 41. Bxe4 bxc5 42. Bxf5 Kxf5 43. bxc5 Ke4
44. Kd2 Kd5 45. Kc3 Kxc5 46. e4 Be6 47. a3 a5 48. e5 Kb5 49. Kc2 Ka4 50.
Kb2 Kb5 51. Kc3 Kc5 52. a4 1/2-1/2

[Event "2nd SCS Open"]
[Site "Bhubaneswar IND"]
[Date "2010.05.24"]
[Round "5"]
[White "Tirto"]
[Black "Kasparov,S"]
[Result "0-1"]
[WhiteElo "2358"]
[BlackElo "2504"]
[EventDate "2010.05.22"]

1. e4 c6 2. c4 d5 3. cxd5 cxd5 4. exd5 Nf6 5. Nc3 Nxd5 6. Nf3 Nc6 7. Bb5
Nxc3 8. bxc3 Qd5 9. Qe2 Bg4 10. Bc4 Qf5 11. Bd3 Qd7 12. Bb5 a6 13. Ba4 Qf5
14. Qe5 b5 15. Qxf5 Bxf5 16. Bd1 e6 17. d4 Be7 18. Bg5 f6 19. Bd2 Kf7 20.
O-O Ba3 21. Bc1 Bd6 22. Re1 Ne7 23. Bb3 Nd5 24. c4 bxc4 25. Bxc4 Rhc8 26.
Bf1 Nb4 27. Ba3 a5 28. Nd2 Be7 29. Nc4 Nc2 30. Bxe7 Kxe7 31. Nb6 Nxa1 32.
Rxa1 Rab8 33. Nxc8+ Rxc8 34. Bb5 Kd6 35. a4 Rc2 36. Kf1 Kd5 37. h3 Rb2 38.
Rd1 Rb1 39. Rxb1 Bxb1 40. Ke2 Kxd4 41. Kd2 g5 42. g3 e5 43. Ba6 Bf5 44. f3
h6 45. Bb5 Bxh3 46. g4 e4 47. Ke2 Bg2 48. fxe4 Bxe4 49. Bd7 Bd5 50. Kd2 Bf3
51. Kc2 h5 52. gxh5 Bxh5 0-1

[Event "2nd SCS Open"]
[Site "Bhubaneswar IND"]
[Date "2010.05.24"]
[Round "5"]
[White "Kaiyrbekov,R"]
[Black "Khusnutdinov,R"]
[Result "1/2-1/2"]
[WhiteElo "2386"]
[BlackElo "2525"]
[EventDate "2010.05.22"]

1. e4 e5 2. Nf3 Nc6 3. Nc3 Nf6 4. Bb5 Nd4 5. Nxd4 exd4 6. e5 dxc3 7. exf6
Qxf6 8. dxc3 Qe5+ 9. Qe2 Qxe2+ 10. Bxe2 d5 11. Be3 Bf5 12. Bd3 Bxd3 13.
cxd3 Bd6 14. Ke2 Kd7 15. d4 Rhe8 16. Kd3 Re6 17. Rae1 Rae8 18. h3 c6 19.
Bd2 Rxe1 20. Rxe1 Rxe1 21. Bxe1 1/2-1/2

[Event "2nd SCS Open"]
[Site "Bhubaneswar IND"]
[Date "2010.05.24"]
[Round "5"]
[White "Ismagambetov,An"]
[Black "Shyam,N"]
[Result "1/2-1/2"]
[WhiteElo "2524"]
[BlackElo "2385"]
[EventDate "2010.05.22"]

1. e4 c5 2. Nf3 d6 3. d4 cxd4 4. Nxd4 Nf6 5. Nc3 a6 6. Bg5 e6 7. f4 Qb6 8.
Nb3 Qe3+ 9. Qe2 Qxe2+ 10. Bxe2 Nbd7 11. Bf3 Be7 12. O-O-O Rb8 13. Na5 Nb6
14. Rhe1 Nfd7 15. Bxe7 Kxe7 16. Rd2 Rd8 17. Red1 Nf6 18. b3 Ne8 19. Rd4 Na8
20. e5 d5 21. Rb4 Bd7 22. Rxb7 Rxb7 23. Nxb7 Rc8 24. Kb2 Rc7 25. Na5 Rc5
26. b4 Rc8 27. Be2 Nec7 28. Nb3 Rb8 29. a3 Nb6 30. Nc5 Bb5 31. Nxb5 axb5
32. g3 f6 33. exf6+ gxf6 34. Kb3 Nc8 35. Re1 e5 36. fxe5 fxe5 37. Bg4 e4
38. Nxe4 dxe4 39. Rxe4+ Kd6 40. Bxc8 Rxc8 41. c4 bxc4+ 42. Rxc4 Re8 43. Rh4
Re7 44. Kc4 Ne6 45. b5 Kc7 46. a4 Nd8 47. a5 Nb7 48. b6+ Kc6 49. Rh6+ Nd6+
50. Kd4 Re4+ 51. Kd3 Re5 52. a6 Rd5+ 53. Ke3 Kxb6 54. Rxh7 Kxa6 55. g4 Kb6
56. h4 Kc6 57. h5 Rd1 58. Ra7 Kd5 1/2-1/2

[Event "2nd SCS Open"]
[Site "Bhubaneswar IND"]
[Date "2010.05.24"]
[Round "5"]
[White "Palit,S"]
[Black "Simonian,H"]
[Result "0-1"]
[WhiteElo "2385"]
[BlackElo "2521"]
[EventDate "2010.05.22"]

1. e4 c5 2. d3 e6 3. g3 d5 4. Nd2 Nc6 5. Bg2 Nf6 6. Ngf3 Be7 7. O-O Qc7 8.
Re1 b6 9. Nf1 dxe4 10. dxe4 Ba6 11. c3 Qd7 12. Bg5 Qxd1 13. Raxd1 Rd8 14.
N1d2 h6 15. Bxf6 gxf6 16. Bf1 Bb7 17. a4 Bd6 18. Nc4 Bc7 19. Rxd8+ Kxd8 20.
e5 Ke7 21. exf6+ Kxf6 22. Nfd2 Rd8 23. Bg2 Kg7 24. b4 cxb4 25. cxb4 Rd4 26.
Rc1 Rd7 27. Kf1 Bb8 28. b5 Nd4 29. Bxb7 Rxb7 30. f4 Rc7 31. Kf2 Rc8 32. Rb1
h5 33. Ke3 Nf5+ 34. Ke4 h4 35. g4 Nd6+ 36. Nxd6 Bxd6 37. Rb3 Kf8 38. Rd3
Ke7 39. h3 Rc2 40. f5 Bc5 41. Kf4 Ra2 42. Ne4 Rxa4 43. f6+ Ke8 44. g5 Ra1
45. Ke5 Re1 46. Rf3 Rd1 47. Nxc5 Rd5+ 48. Kf4 Rf5+ 49. Kg4 Rxf3 50. Nxe6
Rb3 51. Ng7+ Kf8 52. Kxh4 Rxb5 53. Kg4 Rb4+ 54. Kg3 a5 55. h4 a4 56. h5 Rb1
57. Nf5 a3 58. Kg2 Rb5 0-1

[Event "2nd SCS Open"]
[Site "Bhubaneswar IND"]
[Date "2010.05.24"]
[Round "5"]
[White "Lahiri,A"]
[Black "Ovetchkin,R"]
[Result "1-0"]
[WhiteElo "2348"]
[BlackElo "2519"]
[EventDate "2010.05.22"]

1. d4 Nf6 2. c4 e6 3. Nc3 Bb4 4. e3 b6 5. Nf3 Bb7 6. Bd3 Ne4 7. O-O Bxc3 8.
bxc3 O-O 9. Qc2 f5 10. Nd2 Qh4 11. f3 Nxd2 12. Bxd2 Nc6 13. Be1 Qh6 14. Bg3
d6 15. Rae1 Rf7 16. f4 Na5 17. e4 fxe4 18. Bxe4 Bxe4 19. Qxe4 Raf8 20. d5
exd5 21. cxd5 Qh5 22. Rf3 Rf5 23. c4 Qf7 24. Qd4 Qf6 25. Qxf6 R5xf6 26. Re4
R6f7 27. Bf2 c6 28. g4 cxd5 29. cxd5 Nb7 30. f5 Nc5 31. Re2 Nd7 32. Bg3 Nf6
33. Bxd6 Rc8 34. g5 Nxd5 35. Re5 Rc1+ 36. Kg2 Nc7 37. g6 hxg6 38. fxg6 Rf6
39. Rxf6 gxf6 40. Re7 Nb5 41. Bf4 Rc4 42. Kg3 Nd4 43. Kg4 Kf8 44. Rf7+ Kg8
45. Re7 Kf8 46. Rf7+ Kg8 47. Bh6 f5+ 48. Kg5 Rc8 49. Rxa7 Nf3+ 50. Kxf5
Nxh2 51. Rb7 Nf3 52. Rxb6 Ra8 53. Rf6 Nd4+ 54. Ke4 Nb5 55. g7 Re8+ 56. Kf4
1-0

[Event "2nd SCS Open"]
[Site "Bhubaneswar IND"]
[Date "2010.05.24"]
[Round "5"]
[White "Vokarev,S"]
[Black "Gara,T"]
[Result "1/2-1/2"]
[WhiteElo "2501"]
[BlackElo "2357"]
[EventDate "2010.05.22"]

1. c4 Nf6 2. Nf3 g6 3. Nc3 d5 4. Qa4+ Bd7 5. Qb3 dxc4 6. Qxc4 Bg7 7. e4 O-O
8. e5 Ne8 9. Be2 Na6 10. d4 c6 11. O-O Nec7 12. Rd1 Be6 13. Qa4 b5 14. Qa5
Nb8 15. a4 a6 16. Bg5 h6 17. Be3 Nd7 18. axb5 axb5 19. Qb4 Na6 20. Qa5 Nb6
21. Nd2 Nc5 22. Qb4 Na6 23. Qa5 Nc5 24. Qb4 Na6 1/2-1/2

[Event "2nd SCS Open"]
[Site "Bhubaneswar IND"]
[Date "2010.05.24"]
[Round "5"]
[White "Vishnu,P"]
[Black "Varga,Zo"]
[Result "0-1"]
[WhiteElo "2345"]
[BlackElo "2479"]
[EventDate "2010.05.22"]

1. e4 d5 2. exd5 Qxd5 3. Nc3 Qa5 4. Bc4 Nf6 5. d4 Bg4 6. Nge2 e6 7. f3 Bf5
8. g4 Bg6 9. h4 h6 10. Nf4 Bh7 11. Bd2 Qb6 12. Qe2 Nc6 13. Ncd5 Nxd5 14.
Nxd5 Qxb2 15. O-O O-O-O 16. Rab1 Nxd4 17. Qe3 Qa3 0-1

[Event "2nd SCS Open"]
[Site "Bhubaneswar IND"]
[Date "2010.05.24"]
[Round "5"]
[White "Padmini,R"]
[Black "Ashwin,J"]
[Result "1/2-1/2"]
[WhiteElo "2319"]
[BlackElo "2457"]
[EventDate "2010.05.22"]

1. e4 c5 2. Nf3 d6 3. d4 cxd4 4. Nxd4 Nf6 5. Nc3 Nc6 6. Bg5 e6 7. Qd2 a6 8.
O-O-O Bd7 9. f4 b5 10. Bxf6 gxf6 11. Kb1 Qb6 12. Nce2 Na5 13. Ng3 Rg8 14.
Nh5 Be7 15. e5 fxe5 16. fxe5 Bg5 17. Qe1 d5 18. g4 Nc4 19. h4 Be7 20. g5
O-O-O 21. Bxc4 bxc4 22. Rf1 h6 23. Nf6 Bxf6 24. Rxf6 hxg5 25. hxg5 Rxg5 26.
Rxf7 Rdg8 27. b3 Rg1 28. Rf1 R1g4 29. Qc3 a5 30. Ka1 Qb4 31. Rf3 Re4 32.
bxc4 dxc4 33. Qxb4 axb4 34. a3 Rgg4 35. Rf8+ Kc7 36. Nf3 Ref4 37. Rxf4 Rxf4
38. Nd4 bxa3 39. Ka2 Re4 40. Kxa3 Rxe5 41. Kb4 Re4 42. c3 e5 43. Nb5+ Bxb5
44. Kxb5 Kb7 1/2-1/2

[Event "2nd SCS Open"]
[Site "Bhubaneswar IND"]
[Date "2010.05.24"]
[Round "5"]
[White "Abu Sufian,S"]
[Black "Kamble,V"]
[Result "1/2-1/2"]
[WhiteElo "2305"]
[BlackElo "2412"]
[EventDate "2010.05.22"]

1. e4 e6 2. d4 d5 3. Nc3 Bb4 4. e5 c5 5. a3 Bxc3+ 6. bxc3 Qa5 7. Bd2 Qa4 8.
h4 cxd4 9. Qg4 Ne7 10. Bd3 Nbc6 11. Nf3 Bd7 12. h5 f5 13. Qf4 O-O-O 14.
cxd4 h6 15. Qe3 Rhg8 16. O-O g5 17. hxg6 Rxg6 18. Rfb1 Rdg8 19. Bb4 Rxg2+
20. Kf1 f4 21. Qxf4 Nf5 22. c3 R2g4 23. Qd2 Nh4 24. Ne1 Be8 25. Qxh6 Bg6
26. Ke2 Nf5 27. Qc1 Bh5 28. Kd2 Rf4 29. f3 Rxf3 30. Nxf3 Bxf3 31. Bf1 Rg1
32. Qc2 Qxc2+ 33. Kxc2 Be4+ 34. Kd2 Bxb1 35. Rxb1 Kd7 36. Re1 b6 37. Bd3
Rxe1 38. Kxe1 Nxb4 39. axb4 a5 40. bxa5 bxa5 41. Kd2 Ng3 42. Kc2 Ne4 43. c4
Kc6 44. c5 Nxc5 45. dxc5 Kxc5 46. Kc3 d4+ 47. Kb3 Kd5 48. Bc2 Kxe5 49. Kc4
a4 50. Bxa4 Ke4 51. Bc2+ Ke3 52. Bg6 e5 53. Kd5 Kf4 54. Bh7 Ke3 1/2-1/2

[Event "2nd SCS Open"]
[Site "Bhubaneswar IND"]
[Date "2010.05.24"]
[Round "5"]
[White "Konguvel,P"]
[Black "Prasanna,Ra"]
[Result "1/2-1/2"]
[WhiteElo "2412"]
[BlackElo "2309"]
[EventDate "2010.05.22"]

1. e4 e5 2. Nf3 Nc6 3. Bb5 a6 4. Bxc6 dxc6 5. O-O f6 6. d4 Bg4 7. dxe5 Qxd1
8. Rxd1 fxe5 9. Rd3 Bd6 10. Nbd2 Nf6 11. b3 O-O-O 12. Bb2 Bxf3 13. Nxf3
Nxe4 14. Nxe5 Rhf8 15. f3 Nc5 16. Re3 Ne6 17. Nd3 Nf4 18. Nxf4 Rxf4 19. Kf1
Bc5 20. Rd3 Rxd3 21. cxd3 Bd4 22. Bxd4 Rxd4 23. Ke2 Kd7 24. Ke3 Rd6 25. f4
Ke7 26. Re1 Kf7 27. g3 Rd5 28. Ke4 Rc5 29. Re2 a5 30. g4 a4 31. d4 Rb5 32.
bxa4 Rb4 33. Ke5 g6 34. h4 Rxa4 35. Rb2 Ra7 36. f5 gxf5 37. Kxf5 Ra5+ 38.
Ke4 b6 39. Rc2 c5 40. dxc5 bxc5 41. Kd5 Ra4 42. Kxc5 Rxg4 43. Rc4 Rg2 44.
a4 Ke7 45. Kc6 Kd8 46. a5 Kc8 47. Rc5 Rg6+ 48. Kb5 Kb7 1/2-1/2

[Event "2nd SCS Open"]
[Site "Bhubaneswar IND"]
[Date "2010.05.24"]
[Round "5"]
[White "Karthikeyan,P"]
[Black "Singh,DP"]
[Result "1/2-1/2"]
[WhiteElo "2411"]
[BlackElo "2286"]
[EventDate "2010.05.22"]

1. d4 b6 2. e4 Bb7 3. Bd3 e6 4. Nf3 g6 5. c4 Bg7 6. Nc3 Ne7 7. h4 h6 8. Be3
d6 9. Qd2 Nd7 10. O-O-O a6 11. g4 c6 12. Kb1 Qc7 13. Ng1 c5 14. d5 exd5 15.
exd5 Ne5 16. Be2 Bc8 17. f3 h5 1/2-1/2